Principles of marketing / (Record no. 141252)

MARC details
000 -LEADER
fixed length control field 00863cam a2200253 a 4500
003 - CONTROL NUMBER IDENTIFIER
control field OSt
005 - DATE AND TIME OF LATEST TRANSACTION
control field 20240220111114.0
008 - FIXED-LENGTH DATA ELEMENTS--GENERAL INFORMATION
fixed length control field
020 ## - INTERNATIONAL STANDARD BOOK NUMBER
International Standard Book Number 0273657917 (paperback)
040 ## - CATALOGING SOURCE
Transcribing agency NUST
Original cataloging agency NUST
Language of cataloging eng
Modifying agency NUST
Description conventions rda
050 00 - LIBRARY OF CONGRESS CALL NUMBER
Classification number HF5415 BRA
100 1# - MAIN ENTRY--PERSONAL NAME
Personal name Brassington, Frances.
Relator term Author
245 10 - TITLE STATEMENT
Title Principles of marketing /
Statement of responsibility, etc. Frances Brassington [and] Stephen Pettitt.
250 ## - EDITION STATEMENT
Edition statement Third edition
260 ## - PUBLICATION, DISTRIBUTION, ETC.
Place of publication, distribution, etc. Harlow :
Name of publisher, distributor, etc. Prentice Hall,
Date of publication, distribution, etc. ©2003.
300 ## - PHYSICAL DESCRIPTION
Extent xxiv, 1136 pages :
Other physical details colour illustrations ;
Dimensions 27 cm.
336 ## - CONTENT TYPE
Source rdacontent
Content type term text
Content type code txt
337 ## - MEDIA TYPE
Source rdamedia
Media type term unmediated
Media type code n
338 ## - CARRIER TYPE
Source rdacarrier
Carrier type term volume
Carrier type code nc
504 ## - BIBLIOGRAPHY, ETC. NOTE
Bibliography, etc. note Includes bibliographical references and index.
650 #0 - SUBJECT ADDED ENTRY--TOPICAL TERM
Topical term or geographic name entry element Marketing.
700 1# - ADDED ENTRY--PERSONAL NAME
Personal name Pettitt, Stephen.
Relator term Author
942 ## - ADDED ENTRY ELEMENTS (KOHA)
Koha item type Ordinary Loan Books
Source of classification or shelving scheme Library of Congress Classification
Edition Third edition
Classification part HF5415
Call number prefix HF
Call number suffix BRA
Suppress in OPAC No
Holdings
Withdrawn status Lost status Source of classification or shelving scheme Damaged status Not for loan Collection Home library Current library Shelving location Date acquired Source of acquisition Cost, normal purchase price Total Checkouts Full call number Barcode Date last seen Accession number Cost, replacement price Price effective from Koha item type Public note
    LCC   1 NFIC MAIN MAIN GEN 01/23/2023 Book Aid International 58.00 26 HF5415 BRA 92004013939 01/23/2023 36728 58.00 01/23/2023 BOOKS Donation
    LCC     NFIC MAIN MAIN GEN 01/23/2023 Book Aid International 58.00 16 HF5415 BRA 92004013881 01/23/2023 36652 58.00 01/23/2023 BOOKS Donation
    LCC   1 NFIC MAIN MAIN GEN 01/23/2023 Book Aid International 58.00 19 HF5415 BRA 92004014034 01/23/2023 36726 58.00 01/23/2023 BOOKS Donation
    LCC     NFIC MAIN MAIN GEN 01/23/2023 Book Aid International 58.00 23 HF5415 BRA 92004013786 01/23/2023 36589 58.00 01/23/2023 BOOKS Donation
    LCC   1 NFIC MAIN MAIN GEN 01/23/2023 Book Aid International 58.00 23 HF5415 BRA 92004014315 01/23/2023 36721 58.00 01/23/2023 BOOKS Donation
    LCC     NFIC MAIN MAIN GEN 01/23/2023 Book Aid International 58.00 21 HF5415 BRA 92004013738 01/23/2023   58.00 01/23/2023 BOOKS Donation
    LCC     NFIC MAIN MAIN GEN 01/23/2023 Book Aid International 58.00 20 HF5415 BRA 92004014038 01/23/2023 36724 58.00 01/23/2023 BOOKS Donation
    LCC   1 NFIC MAIN MAIN GEN 01/23/2023 Book Aid International 58.00 14 HF5415 BRA 92004014030 01/23/2023 36725 58.00 01/23/2023 BOOKS Donation
    LCC     NFIC MAIN MAIN GEN 01/23/2023 Book Aid International 58.00 13 HF5415 BRA 92004031118 01/23/2023   58.00 01/23/2023 BOOKS Donation
    LCC     NFIC MAIN MAIN GEN 01/23/2023 Book Aid International 58.00 31 HF5415 BRA 92004021879 01/23/2023 43758 58.00 01/23/2023 BOOKS Donation
    LCC     NFIC MAIN MAIN GEN 01/23/2023 Book Aid International 58.00 16 HF5415 BRA 92004013925 01/23/2023 36722 58.00 01/23/2023 BOOKS Donation
    LCC   1 NFIC MAIN MAIN GEN 01/23/2023 Book Aid International 58.00 27 HF5415 BRA 92004030037 01/23/2023 36720 58.00 01/23/2023 BOOKS Donation